Status jurídico civil del embrión humano, con especial consideración al concebido in vitro

Saved in:
Bibliographic Details
Main Author: Femenía López, Pedro J (Author)
Format: Book
Language:Spanish
Published: Madrid McGraw Hill 1999
Subjects:
Tags: Add Tag
No Tags, Be the first to tag this record!

MARC

LEADER 00000nam a2200000 a 4500
001 UCO5343
003 CL-VaPUC
008 000901e19990000SP |||||||||||||||||spa|d
082 0 4 |a 346.01  |b FEM  |2 21 
100 0 |a Femenía López, Pedro J  |e author  |9 450128 
245 1 0 |a Status jurídico civil del embrión humano, con especial consideración al concebido in vitro 
300 |a 401 p 
942 |c BK 
945 |d 20000901 00:00:00  |a vberengu 
260 |a Madrid  |b McGraw Hill  |c 1999 
650 0 |a Derecho español  |9 255291 
650 0 |a Derecho positivo  |9 255911 
650 0 |a Desarrollo embrionario  |9 343783 
650 7 |a PROTECCION JURIDICA DEL EMBRION HUMANO  |2 CL-VaPUC  |9 450129 
650 0 |a Reproducción asistida  |9 441978 
650 7 |a RESPONSABILIDAD CIVIL  |2 CL-VaPUC  |9 450130 
583 |a last modification  |c 20000901 00:00:00  |k Rodrigo Vera 
999 |c 291237  |d 291235 
952 |0 0  |1 0  |4 0  |6 346_010000000000000_FEM_1999  |7 0  |8 DER_TF  |9 341035  |a BIBDER  |b BIBDER  |d 2019-11-20  |i 3604470  |o 346.01 FEM 1999  |p 3604470  |r 2023-01-25  |w 2019-11-20  |x Ubicación 4to Piso  |y BK  |z Estos recursos deben solicitarse con anticipación  |k DER